000 00961nac a22002531u 4500
010 _a008738353
020 _a0863564712
022 _a9780863564710
082 _a330.917671
_bROD
090 _c7170
_d7170
100 _aRodinson, Maxime.
245 _aIslam and capitalism /
_cby Maxime Rodinson; Foreword By Roger Owen.
260 _aLondon:
_bSaqi Essentials,c.2007.
_cc.2007.
300 _a344p;
_c22cm.
500 _aDistribter: Baccah.
504 _aIncludes Refrences and Index.
511 _aCatalogued By: Mahitab.I
650 _aEconomics -- Religious aspects -- Islam.
650 _aIslamic countries -- Economic conditions.
650 _aIslamic countries Economic conditions Influence of Islam
700 _aPearce, Brian, 1915-
942 _cBB
_k330.917671
999 _c7170
_d7170